| 000 | 00717cab a2200253 4500 | ||
|---|---|---|---|
| 001 | WB3042-57 | ||
| 008 | 090401t1994 xxu||||| |||| 00| 0 eng d | ||
| 035 | _a(Sirsi) u79397 | ||
| 041 | _aeng | ||
| 245 | _aChina | ||
| 260 | _c1994 | ||
| 300 | _aLOAN | ||
| 350 | _a0 | ||
| 490 |
_aFinancial Times _v7 November 1994 (10) |
||
| 520 | _aSpecial report on China including articles on the current economic climate, foreign investment, Shanghai and banking and financial services. | ||
| 650 | _aCHINA | ||
| 650 | _aECONOMY | ||
| 650 | _aFINANCIAL INSTITUTIONS | ||
| 650 | _aFINANCIAL SERVICES | ||
| 650 | _aFOREIGN INVESTMENT | ||
| 690 | _aOVERSEAS-REST OF THE WORLD | ||
| 942 | _n0 | ||
| 948 | _c04/03/1997 | ||
| 999 |
_c49905 _d49905 |
||